000 00691nam a2200205Ia 4500
003 GCL
008 140319s9999 xx 000 0 ara d
020 _a187314977
040 _aGCL /
_cGCL
082 0 4 _a933
_bج ا
100 1 _aجمال محمد سعيد عبدالغنى
245 1 0 _aاحلام اليهود المنتظرة وتهافت مصادرهم /
_cجمال محمد سعيد عبدالغنى
260 _aالقاهرة :
_bمكتبة زهراء الشرق ،
_c2003
300 _a483 ص ؛
_c24 سم
650 0 4 _aاليهود
650 0 4 _aاليهود - تاريخ
650 0 4 _aاليهود - الاصل
650 0 4 _aاليهود - الهجرة
942 _2ddc
_cBK
999 _c6312
_d6312